Statistiques concernant Vocabulaire médiéval (2)

Cliquez ici pour prendre le quiz!

Statistiques générales

  • Ce quiz a été pris 45 fois
  • Le résultat moyen est 10 sur 20

Statistiques - réponses

HintRéponse% Correct
PiétonnerMarcher
82%
DormitoireChambre
79%
CoucheLit
76%
VêtureVêtement
74%
GénitureDescendance
71%
DonzelleJeune roturière célibataire
68%
DamoiselleJeune noble célibataire
65%
RipaillerBien manger
62%
TourmenteurBourreau
62%
BuissonadePetit bois
62%
S'esbignerS'échapper
59%
EsforcerVioler
53%
DéconfierTrahir
47%
NoqueterErrer la nuit
44%
TosterGriller
41%
MarcheTerritoire situé à une frontière
29%
BéhourtTournoi
26%
JoilerAccueillir
24%
JaseranCôte de maille
15%
AlbergerLouer un bien
9%

Distribution des résultats

Percentile par nombre de réponses

% des personnes avec chaque résultat

Votre développement - résultats

Vous n’avez pas pris ce quiz